000 00363nam a2200145Ia 4500
008 221030s9999 xx 000 0 und d
041 _aEnglish
082 _a105.23
100 _aV. L. Maleev
245 0 _aDiesel Engine Operation & Maintenance
_cby V. L. Maleev
260 _bMcGraw Hill Pub.
_aNew York
_c1954
300 _a504
650 _aEE
942 _cBK
999 _c11012
_d11012